Bear's big ideas : (Record no. 6849)

MARC details
000 -LEADER
fixed length control field 01454cam a22003613a 4500
001 - CONTROL NUMBER
control field 6849
003 - CONTROL NUMBER IDENTIFIER
control field FISKH
005 - DATE AND TIME OF LATEST TRANSACTION
control field 20250603102041.0
008 - FIXED-LENGTH DATA ELEMENTS--GENERAL INFORMATION
fixed length control field 050314s2005 nyua j 000 0 eng d
010 ## - LIBRARY OF CONGRESS CONTROL NUMBER
LC control number 2005924078
020 ## - INTERNATIONAL STANDARD BOOK NUMBER
International Standard Book Number 0375833919
020 ## - INTERNATIONAL STANDARD BOOK NUMBER
International Standard Book Number 9780375833915
040 ## - CATALOGING SOURCE
Original cataloging agency IUK
Transcribing agency IUK
Modifying agency BAKER
-- DLC
Language of cataloging eng
050 ## - LIBRARY OF CONGRESS CALL NUMBER
Classification number PZ7.H37413
082 ## - DEWEY DECIMAL CLASSIFICATION NUMBER
Classification number 813
100 1# - MAIN ENTRY--PERSONAL NAME
Personal name Heling, Kathryn.
245 10 - TITLE STATEMENT
Title Bear's big ideas :
Remainder of title a write-in reader /
Statement of responsibility, etc. by Kathryn Heling and Deborah Hembrook ; illustrated by Richard Walz.
260 ## - PUBLICATION, DISTRIBUTION, ETC.
Place of publication, distribution, etc. New York :
Date of publication, distribution, etc. Random House,
Name of publisher, distributor, etc. 2005.
300 ## - PHYSICAL DESCRIPTION
Extent 32 pages :
Other physical details color illustrations ;
Dimensions 23 cm
490 ## - SERIES STATEMENT
Series statement Step into reading ;
Volume/sequential designation Step 2
500 ## - GENERAL NOTE
General note "Reading and writing with help."
505 ## - FORMATTED CONTENTS NOTE
Formatted contents note G<br/>
520 ## - SUMMARY, ETC.
Summary, etc. Bear has a habit of waking up with a growling tummy. He also has the habit of thinking up big ideas. With the help of his friends, Buck and Moose, he builds a boat in the summer and then an ice shanty in the winter so they can fish and feast! This Step 2 Write-In Reader includes writing and drawing activities just right for budding young writers.
521 8# - TARGET AUDIENCE NOTE
Target audience note 300<br/>
Source Lexile estimate <br/>
521 8# - TARGET AUDIENCE NOTE
Target audience note G<br/>
Source Raz-Plus<br/>
650 #0 - SUBJECT ADDED ENTRY--TOPICAL TERM
Topical term or geographic name entry element Bears
Form subdivision Juvenile fiction.
650 #0 - SUBJECT ADDED ENTRY--TOPICAL TERM
Topical term or geographic name entry element Problem solving
Form subdivision Juvenile fiction.
700 1# - ADDED ENTRY--PERSONAL NAME
Personal name Hembrook, Deborah.
Relator term Author
700 1# - ADDED ENTRY--PERSONAL NAME
Personal name Walz, Richard.
Relator term illustrator
906 ## - LOCAL DATA ELEMENT F, LDF (RLIN)
a 7
b cbc
c copycat
d 2
e epcn
f 20
g y-gencatlg
942 ## - ADDED ENTRY ELEMENTS (KOHA)
Source of classification or shelving scheme Dewey Decimal Classification
Koha item type Books
Suppress in OPAC No
Holdings
Withdrawn status Lost status Source of classification or shelving scheme Damaged status Not for loan Collection Home library Current library Shelving location Date acquired Total Checkouts Full call number Barcode Date last seen Copy number Price effective from Koha item type
    Dewey Decimal Classification     Juvenile Fiction Footprints International School Library Network Toul Kork Campus Footprints International School Library Network Toul Kork Campus TK Primary Library Room(4th Floor), Bookcase 7, Shelves 57-60, Dark Green Books 06/03/2025   HEL 813 PZ7.H37413 2025-1459 06/03/2025 1 06/03/2025 Books